Country Chain 2 - Statistics

General Stats
  • This quiz has been taken 25 times
  • The average score is 12 of 14
Answer Stats
Hint Answer % Correct
Mount Everest 3 Nepal
100%
Starting with A bordering France 1 Andorra
96%
Borders Nigeria 5 Niger
96%
Borders Mediterranean Sea (In the Middle east) 4 Lebanon
91%
East of Democratic Republic of the Congo 6 Rwanda
91%
Borders Caspian Sea 2 Azerbaijan
87%
Speaks Mainly Dutch (Europe) 8 Netherlands
87%
Only country starting with O 10 Oman
87%
Capital is Tirana 14 Albania
83%
Borders Bosnia 13 Croatia
83%
Borders Haiti 12 Dominican Republic
83%
Borders only Italy 9 San Marino
83%
Borders Pakistan 7 Afghanistan
57%
The last Major landmass settled by Humans 11 New Zealand
52%
No matching quizzes found
Score Distribution
Percent of People with Each Score
Percentile by Number Answered
Your Score History
You have not taken this quiz